Manažment väzieb zákazníkov - nástroj zlepšenia postavenia poisťovateľov na poistnom trhu

Rastúci význam manažovania marketingu v poisťovníctve a najmä vytvárania väzieb medzi poisťovňou a klientom. Špecifiká marketingu v poisťovníctve. Etapy vývoja poistného trhu. Manažment väzieb so zákazníkmi, jeho nástroje a ich využitie. Fázy budovania väzieb.

Saved in:
Bibliographic Details
Main Author: Buchová, Jarmila
Format: Book Chapter
Language:Slovak
Subjects:
Tags: Add Tag
No Tags, Be the first to tag this record!

MARC

LEADER 00000nla$a2200000$$$4500
001 0055128
005 20220722094142.3
041 0 |a slo 
044 |a SK 
245 1 0 |a Manažment väzieb zákazníkov - nástroj zlepšenia postavenia poisťovateľov na poistnom trhu  |c Jarmila Buchová 
520 |a Rastúci význam manažovania marketingu v poisťovníctve a najmä vytvárania väzieb medzi poisťovňou a klientom. Špecifiká marketingu v poisťovníctve. Etapy vývoja poistného trhu. Manažment väzieb so zákazníkmi, jeho nástroje a ich využitie. Fázy budovania väzieb. 
610 2 0 |a poisťovníctvo 
610 2 0 |a trh poistný 
610 2 0 |a riadenie vzťahov so zákazníkmi 
610 2 0 |a starostlivosť o zákazníkov 
610 2 0 |a marketing služieb 
610 2 0 |a marketing 
610 2 0 |a manažment 
610 2 0 |a lojálnosť zákazníkov 
100 1 |a Buchová, Jarmila